Normal view
MARC view
Entry Personal Name
001 - CONTROL NUMBER
- control field: 26312
003 - CONTROL NUMBER IDENTIFIER
- control field: OSt
005 - DATE AND TIME OF LATEST TRANSACTION
- control field: 20211105135022.0
008 - FIXED-LENGTH DATA ELEMENTS
- fixed length control field: 211105|| aca||aabn | a|a d
040 ## - CATALOGING SOURCE
- Original cataloging agency: OSt
- Transcribing agency: OSt
100 ## - HEADING--PERSONAL NAME
- Personal name: Dolginov, A. Z
670 ## - SOURCE DATA FOUND
- Source citation: Work cat.: (OSt): Dolginov, A. Z, Propagation and polarization of radiation in cosmic media, 1995